Homenaje del Congreso Nacional de Chile a la memoria del Comandante en Jefe del Ejército General René Schneider Chereau
Salvato in:
| Ente Autore: | |
|---|---|
| Natura: | Libro |
| Lingua: | spagnolo |
| Pubblicazione: |
Santiago
Oficina de RR.PP. Cámara de Diputados
1971
|
| Edizione: | 1a. ed |
| Soggetti: | |
| Tags: |
Aggiungi Tag
Nessun Tag, puoi essere il primo ad aggiungerne!!
|
MARC
| LEADER | 00000nam a2200000 a 4500 | ||
|---|---|---|---|
| 001 | UCJ8134 | ||
| 003 | CL-VaPUC | ||
| 005 | 20240906145015.0 | ||
| 008 | 070124e19710000CL |||||||||||||||||spa|d | ||
| 999 | |c 323931 |d 323929 | ||
| 040 | |c Pontificia Universidad Católica de Valparaíso | ||
| 082 | 0 | 4 | |a 983 |b CON |2 21 |
| 110 | 2 | |a Congreso Nacional de Chile |e author |9 516819 | |
| 245 | 1 | 0 | |a Homenaje del Congreso Nacional de Chile a la memoria del Comandante en Jefe del Ejército General René Schneider Chereau |
| 250 | |a 1a. ed | ||
| 260 | |a Santiago |b Oficina de RR.PP. Cámara de Diputados |c 1971 | ||
| 300 | |a 56 p | ||
| 500 | |a Front.: Fotografía del General Schneider Chereau.- Por su tamaño se encuentra en estantería separada | ||
| 583 | |a last modification |c 20070124 00:00:00 |k Rodrigo Vera | ||
| 600 | 0 | 7 | |a SCHNEIDER CHEREAU, RENE |2 CL-VaPUC |9 516820 |
| 600 | 0 | |a Allende Gossens, Salvador, |d 1908-1973 |9 257222 | |
| 600 | 0 | |a Pablo Elorza, Tomás, |d 1921-1999 |9 516821 | |
| 600 | 0 | 7 | |a Ibáñez Vergara, Jorge |d 1926-2012 |9 858013 |
| 600 | 0 | 7 | |a OSSA PRETOT, SERGIO |2 CL-VaPUC |9 516823 |
| 650 | 7 | |a BIOGRAFIA |2 CL-VaPUC |9 504622 | |
| 650 | 0 | |a Iconografía |9 267998 | |
| 650 | 7 | |a CRIMENES POLITICOS |2 CL-VaPUC |9 319844 | |
| 650 | 0 | |a Presidentes de Chile |9 268293 | |
| 650 | 0 | |a Discursos |9 265028 | |
| 852 | |a BIBCUR | ||
| 942 | |c BK |2 ddc | ||
| 945 | |d 20070124 00:00:00 |a rinostro | ||
| 952 | |0 0 |1 0 |4 0 |6 983_000000000000000_CON_1971 |7 0 |8 X |9 403790 |a FDOBUD |b FDOBUD |d 2019-11-22 |i 1073281 |o 983 CON 1971 |p 1073281 |r 2019-11-22 |w 2019-11-22 |y BK_X |k BUD | ||